[Event "Lliga Catalana DH Final B"]
[Site "?"]
[Date "2015.03.21"]
[Round "9.3"]
[White "Ayas Fernandez, A."]
[Black "Alarcon Casellas, R."]
[Result "1-0"]
[WhiteElo "2341"]
[BlackElo "2503"]
[PlyCount "71"]
[EventDate "2015.??.??"]
[EventType "team"]

1. e4 c5 2. Nf3 e6 3. d4 cxd4 4. Nxd4 Nc6 5. Nc3 Qc7 6. g3 a6 7. Bg2 Nf6 8. O-O
Nxd4 9. Qxd4 Bc5 10. Bf4 d6 11. Qd3 e5 12. Bg5 Be6 13. Bxf6 gxf6 14. Nd5 Bxd5
15. exd5 h5 16. h4 Ke7 17. c3 Rag8 18. Be4 Kf8 19. Kg2 Ba7 20. Rac1 Rg4 21. Bf5
Ra4 22. a3 b5 23. Rce1 Rc4 24. Re4 Rc5 25. Rd1 Kg7 26. Qf3 Qb7 27. Kh2 Kf8 28.
Bg6 Ke7 29. Rxe5+ Kf8 30. Rxh5 Rg8 31. Bh7 Rg7 32. Re1 Qb6 33. Qxf6 Qc7 34. Bc2
Qd7 35. Rh8+ Rg8 36. Qh6# 1-0

[Event "Lliga Catalana DH Final B"]
[Site "?"]
[Date "2015.03.21"]
[Round "9.4"]
[White "Vidarte Morales, A."]
[Black "Escobar Torres, A."]
[Result "1-0"]
[WhiteElo "2444"]
[BlackElo "2261"]
[PlyCount "47"]
[EventDate "2015.??.??"]
[EventType "team"]

1. c4 c5 2. Nf3 Nc6 3. Nc3 g6 4. e3 Bg7 5. d4 d6 6. d5 Bxc3+ 7. bxc3 Na5 8. e4
b6 9. Bd3 Ba6 10. Qe2 Qd7 11. e5 O-O-O 12. O-O Qa4 13. Ng5 Rf8 14. exd6 exd6
15. Ne4 Kc7 16. Bf4 Rd8 17. Rfe1 Bxc4 18. Bxd6+ Kb7 19. Be5 f6 20. Nd6+ Rxd6
21. Bxd6 Bxd5 22. Bb5 Qh4 23. Ba6+ Kc6 24. Bg3 1-0

[Event "Lliga Catalana DH Final B"]
[Site "?"]
[Date "2015.03.21"]
[Round "9.5"]
[White "Maroto Borras, JL."]
[Black "Vehi Bach, VM."]
[Result "0-1"]
[WhiteElo "2205"]
[BlackElo "2414"]
[PlyCount "70"]
[EventDate "2015.??.??"]
[EventType "team"]

1. d4 Nf6 2. Bg5 e6 3. e4 h6 4. Bxf6 Qxf6 5. Nf3 d6 6. Nc3 a6 7. e5 Qd8 8. exd6
cxd6 9. Bd3 d5 10. Ne5 Nc6 11. Nxc6 bxc6 12. Na4 Bd6 13. c3 O-O 14. O-O e5 15.
dxe5 Bxe5 16. Qh5 Bf6 17. Rfe1 Rb8 18. Re3 g6 19. Rg3 Bg7 20. Bxg6 fxg6 21.
Rxg6 Rf6 22. Re1 Bf5 23. Rg3 Qd6 24. Re8+ Rxe8 25. Qxe8+ Rf8 26. Qe3 Bg6 27.
Nc5 Re8 28. Qd2 Kh7 29. Nd3 c5 30. h3 Re4 31. Rf3 d4 32. Nf4 Qe5 33. cxd4 Rxd4
34. Nxg6 Rxd2 35. Nxe5 Bxe5 0-1

[Event "Lliga Catalana DH Final B"]
[Site "?"]
[Date "2015.03.21"]
[Round "9.6"]
[White "Gonzalez Rodriguez, RO."]
[Black "Draghici Flutor, G."]
[Result "1/2-1/2"]
[WhiteElo "2320"]
[BlackElo "2191"]
[PlyCount "97"]
[EventDate "2015.??.??"]
[EventType "team"]

1. d4 d5 2. c4 dxc4 3. e3 e5 4. Bxc4 exd4 5. exd4 Nf6 6. Nf3 Bd6 7. O-O O-O 8.
h3 h6 9. Nc3 Nc6 10. Qd3 Na5 11. Bb5 a6 12. Ba4 c5 13. Bc2 c4 14. Qd1 Re8 15.
Be3 b5 16. a3 Bb7 17. Re1 Bc7 18. Rc1 Qd6 19. Ne5 Nc6 20. f4 Rad8 21. Ne4 Nxe4
22. Bxe4 f6 23. Bxc6 Bxc6 24. Nxc6 Qxc6 25. Kh1 Re4 26. Qf3 Qe6 27. Bf2 Rdxd4
28. Bxd4 Rxe1+ 29. Rxe1 Qxe1+ 30. Kh2 Qe6 31. g3 f5 32. Kg2 Kf7 33. Kf2 Kg6 34.
Qb7 Qd6 35. Be3 Bd8 36. Qf3 Bf6 37. g4 fxg4 38. Qe4+ Kf7 39. hxg4 Bh4+ 40. Kg2
Qe6 41. Qf3 Bf6 42. g5 Bxb2 43. f5 Qd6 44. Qb7+ Ke8 45. Qc8+ Kf7 46. Qb7+ Ke8
47. Qc8+ Kf7 48. Qb7+ Ke8 49. Qc8+ 1/2-1/2

[Event "Lliga Catalana DH Final B"]
[Site "?"]
[Date "2015.03.21"]
[Round "9.7"]
[White "Almirall Botella, J."]
[Black "Fernandez Cazorla, A."]
[Result "0-1"]
[WhiteElo "2178"]
[BlackElo "2322"]
[PlyCount "40"]
[EventDate "2015.??.??"]
[EventType "team"]

1. d4 d5 2. c4 c6 3. Nc3 Nf6 4. Bg5 dxc4 5. a4 Qa5 6. Bd2 Nbd7 7. e4 e5 8. d5
Bb4 9. dxc6 bxc6 10. Bxc4 Nc5 11. Nf3 Ncxe4 12. Nxe4 Nxe4 13. Bxf7+ Ke7 14. O-O
Nxd2 15. Nxd2 Bxd2 16. Qh5 e4 17. Qh4+ Kxf7 18. Qxe4 Qd5 19. Qh4 Ba6 20. Rfd1
Be2 0-1

[Event "Lliga Catalana DH Final B"]
[Site "?"]
[Date "2015.03.21"]
[Round "9.8"]
[White "Asensio Liñan, T."]
[Black "Roca Diaz, MA."]
[Result "1-0"]
[WhiteElo "2254"]
[BlackElo "2173"]
[PlyCount "55"]
[EventDate "2015.??.??"]
[EventType "team"]

1. e4 c6 2. d4 d5 3. Nd2 dxe4 4. Nxe4 Bf5 5. Nc5 b6 6. Nb3 e6 7. Nf3 Nd7 8. Bf4
Ngf6 9. g3 Nd5 10. Bd2 Nb4 11. Bxb4 Bxb4+ 12. c3 Be7 13. Bg2 O-O 14. O-O Qc7
15. Re1 Rfe8 16. a4 Rad8 17. Qe2 c5 18. Qc4 Qd6 19. Rad1 Qd5 20. Nbd2 Qxc4 21.
Nxc4 Bc2 22. Ra1 cxd4 23. Nxd4 Bd3 24. Ne3 a5 25. Nc6 Rc8 26. Rad1 Nc5 27. b4
axb4 28. cxb4 1-0

[Event "Lliga Catalana DH Final B"]
[Site "?"]
[Date "2015.03.21"]
[Round "9.9"]
[White "Costa, V."]
[Black "Oset Teixidor, G."]
[Result "0-1"]
[WhiteElo "2017"]
[BlackElo "2143"]
[PlyCount "40"]
[EventDate "2015.??.??"]
[EventType "team"]

1. c4 c6 2. g3 d5 3. Bg2 e5 4. cxd5 cxd5 5. d4 e4 6. f3 Nf6 7. Nc3 Bb4 8. Bd2
Nc6 9. e3 O-O 10. fxe4 dxe4 11. Nge2 Re8 12. O-O Bg4 13. h3 Bh5 14. Qb3 Bxe2
15. Rxf6 Qxf6 16. Nxe4 Rxe4 17. Bxb4 Ree8 18. Bc5 b6 19. Ba3 Rac8 20. Re1 Na5
0-1

[Event "Lliga Catalana DH Final B"]
[Site "?"]
[Date "2015.04.11"]
[Round "10.1"]
[White "Herraiz Hidalgo, H."]
[Black "Beltran Rueda, S."]
[Result "1-0"]
[WhiteElo "2473"]
[BlackElo "2459"]
[PlyCount "87"]
[EventDate "2015.??.??"]
[EventType "team"]

1. d4 d5 2. c4 c6 3. Nf3 Nf6 4. e3 g6 5. Nc3 Bg7 6. Be2 O-O 7. O-O dxc4 8. Bxc4
Bg4 9. h3 Bxf3 10. Qxf3 Nbd7 11. Rd1 e5 12. d5 e4 13. Nxe4 Nxe4 14. Qxe4 Nb6
15. Rb1 Re8 16. Qd3 Qh4 17. Bb3 Rad8 18. e4 h6 19. Be3 Rxe4 20. d6 Rb4 21. Re1
Nd7 22. Bxa7 c5 23. Qd5 c4 24. Re4 Qf6 25. Rxc4 Rxc4 26. Bxc4 Ne5 27. Bc5 Bf8
28. Rd1 b6 29. Ba3 Nxc4 30. Qxc4 Bxd6 31. Bxd6 Rxd6 32. Rxd6 Qxd6 33. g3 h5 34.
h4 Qe5 35. Qc8+ Kh7 36. Qc3 Qf5 37. a4 Qb1+ 38. Kg2 Kg8 39. Qd4 Qc2 40. Qd8+
Kg7 41. Qd4+ Kg8 42. b4 Qc7 43. Qd5 Qe7 44. a5 1-0

[Event "Lliga Catalana DH Final B"]
[Site "?"]
[Date "2015.04.11"]
[Round "10.2"]
[White "Fernandez Aguado, E."]
[Black "Amigo Vilalta, J."]
[Result "1-0"]
[WhiteElo "2388"]
[BlackElo "2341"]
[PlyCount "87"]
[EventDate "2015.??.??"]
[EventType "team"]

1. e4 c5 2. Nf3 Nc6 3. d4 cxd4 4. Nxd4 g6 5. Nc3 Bg7 6. Nde2 Nf6 7. g3 O-O 8.
Bg2 d6 9. O-O Rb8 10. Bg5 b5 11. Nd5 Nxd5 12. exd5 Na5 13. Nd4 h6 14. Be3 Bd7
15. b3 Qc7 16. Qd2 Kh7 17. c3 a6 18. Rac1 e5 19. dxe6 fxe6 20. Rfd1 Rbd8 21.
Nf3 Bc6 22. Qe2 Qb7 23. Nh4 Bf6 24. Qg4 Bxh4 25. Qxh4 h5 26. Bh3 Qf7 27. f4 Nb7
28. c4 b4 29. Qg5 Be4 30. Bb6 Rde8 31. Rd4 Bf5 32. Bg2 e5 33. fxe5 dxe5 34. Rd5
Qe6 35. Be3 e4 36. Qh6+ Kg8 37. Rcd1 Re7 38. c5 Rh7 39. Qg5 h4 40. gxh4 Bg4 41.
Re5 Qc8 42. Rf1 Rf5 43. Qxg6+ Rg7 44. Re8+ 1-0

[Event "Lliga Catalana DH Final B"]
[Site "?"]
[Date "2015.04.11"]
[Round "10.3"]
[White "Canal Oliveras, J."]
[Black "Ayas Fernandez, A."]
[Result "1-0"]
[WhiteElo "2339"]
[BlackElo "2341"]
[PlyCount "98"]
[EventDate "2015.??.??"]
[EventType "team"]

1. d4 e6 2. e4 d5 3. Nc3 Bb4 4. e5 c5 5. a3 Bxc3+ 6. bxc3 Ne7 7. Qg4 O-O 8. Nf3
Qc7 9. Bd3 Ng6 10. Bg5 c4 11. Be2 f6 12. exf6 e5 13. Qg3 gxf6 14. Bh6 Rf7 15.
dxe5 fxe5 16. Nh4 e4 17. Nxg6 Qxg3 18. hxg3 hxg6 19. Rd1 Be6 20. Bxc4 Rd7 21.
Bb3 Nc6 22. Rh4 Na5 23. Rxe4 Bf5 24. Rxd5 Nxb3 25. Rxd7 Bxd7 26. cxb3 Re8 27.
Rxe8+ Bxe8 28. Be3 a5 29. c4 a4 30. b4 Bf7 31. c5 Bc4 32. Kd2 Kf7 33. Bg5 Ke6
34. g4 Bf1 35. Kc3 Kd5 36. Be3 Bb5 37. Bh6 Bd7 38. f3 Bb5 39. f4 Bd7 40. f5
gxf5 41. g5 Be6 42. Bf8 Kc6 43. Kd4 Bf7 44. Ke5 Kb5 45. Kd6 Kc4 46. Kc7 Bd5 47.
g3 Kb5 48. g6 Ka6 49. g7 Bf7 1-0

[Event "Lliga Catalana DH Final B"]
[Site "?"]
[Date "2015.04.11"]
[Round "10.4"]
[White "Escobar Torres, A."]
[Black "Dalo, H."]
[Result "0-1"]
[WhiteElo "2261"]
[BlackElo "2312"]
[PlyCount "38"]
[EventDate "2015.??.??"]
[EventType "team"]

1. e4 c5 2. Nf3 d6 3. d4 cxd4 4. Nxd4 Nf6 5. Nc3 e6 6. Be3 a6 7. f3 b5 8. Qd2
Nbd7 9. g4 Nb6 10. g5 Nfd7 11. O-O-O Bb7 12. h4 b4 13. Nb1 d5 14. Qg2 e5 15.
Nf5 g6 16. Ng3 d4 17. Bf2 Rc8 18. Bd3 Nc5 19. Rhe1 b3 0-1

[Event "Lliga Catalana DH Final B"]
[Site "?"]
[Date "2015.04.11"]
[Round "10.5"]
[White "Vera Pons, F."]
[Black "Maroto Borras, JL."]
[Result "1/2-1/2"]
[WhiteElo "2314"]
[BlackElo "2205"]
[PlyCount "74"]
[EventDate "2015.??.??"]
[EventType "team"]

1. d4 b5 2. e4 Bb7 3. Bd3 e6 4. Nf3 c5 5. c3 a6 6. O-O Nf6 7. Re1 d5 8. exd5
Qxd5 9. Bg5 Nbd7 10. Nbd2 cxd4 11. c4 bxc4 12. Bxc4 Qd6 13. Bxf6 gxf6 14. Ne4
Qb6 15. Rc1 Bb4 16. Re2 Rc8 17. Nxd4 Bxe4 18. Rxe4 Ne5 19. Rxe5 fxe5 20. Bb5+
Ke7 21. Nc6+ Rxc6 22. Bxc6 Rd8 23. Qf3 Rc8 24. Rc2 Qd4 25. a3 e4 26. Bxe4 Qxb2
27. Qd1 Rxc2 28. Qxc2 Qa1+ 29. Qb1 Qxb1+ 30. Bxb1 Bxa3 31. g4 h6 32. Kg2 Kf6
33. Bd3 a5 34. f4 Bd6 35. Kf3 a4 36. Bc4 e5 37. fxe5+ Bxe5 1/2-1/2

[Event "Lliga Catalana DH Final B"]
[Site "?"]
[Date "2015.04.11"]
[Round "10.6"]
[White "Draghici Flutor, G."]
[Black "Ballesteros Collazos, S."]
[Result "1-0"]
[WhiteElo "2191"]
[BlackElo "2309"]
[PlyCount "83"]
[EventDate "2015.??.??"]
[EventType "team"]

1. e4 c5 2. Nf3 d6 3. d4 cxd4 4. Qxd4 Nc6 5. Bb5 Bd7 6. Bxc6 Bxc6 7. Nc3 e5 8.
Qd3 h6 9. O-O Nf6 10. Rd1 Be7 11. b4 a6 12. a4 O-O 13. Bb2 b5 14. Qe2 Qb6 15.
Nd5 Nxd5 16. exd5 Bd7 17. a5 Qb7 18. h3 Rfc8 19. Rab1 f5 20. Nd4 f4 21. f3 Rc4
22. Ba1 Bf6 23. Nb3 Rxb4 24. Kh1 Qc7 25. c3 Ra4 26. Qe1 Bf5 27. Rbc1 Be7 28.
Nd2 Ra2 29. c4 Qxa5 30. c5 Bc2 31. Ne4 Bxd1 32. Qxd1 Rd8 33. cxd6 Bxd6 34. Nxd6
Rxd6 35. Bxe5 Rd7 36. Rc8+ Rd8 37. Rc7 Qd2 38. Rxg7+ Kf8 39. Qb1 Rxd5 40. Qf5+
Ke8 41. Qf7+ Kd8 42. Rg8# 1-0

[Event "Lliga Catalana DH Final B"]
[Site "?"]
[Date "2015.04.11"]
[Round "10.7"]
[White "Martin Grillo, R."]
[Black "Almirall Botella, J."]
[Result "0-1"]
[WhiteElo "2303"]
[BlackElo "2178"]
[PlyCount "94"]
[EventDate "2015.??.??"]
[EventType "team"]

1. e4 c6 2. d4 d5 3. exd5 cxd5 4. c4 Nf6 5. Nf3 g6 6. Nc3 Bg7 7. Qb3 O-O 8.
cxd5 Nbd7 9. a4 Nb6 10. a5 Nbxd5 11. Bc4 e6 12. O-O h6 13. Re1 Kh7 14. Bd2 a6
15. Na4 Rb8 16. Bxa6 Bd7 17. Bd3 Bc6 18. Ne5 Nd7 19. Qd1 Nxe5 20. dxe5 Qh4 21.
Re4 Qe7 22. Qe2 Rfd8 23. g3 Rd7 24. Rh4 Qf8 25. b4 Nc7 26. Nc5 Rd5 27. Bc3 Rbd8
28. Be4 Nb5 29. Rc1 Nxc3 30. Rxc3 Rxe5 31. Re3 Bxe4 32. Rhxe4 Rxe4 33. Rxe4 Qe7
34. Qb5 Rd1+ 35. Kg2 g5 36. Qxb7 Qf6 37. Re3 Qa1 38. Kh3 Rd4 39. Kg2 g4 40. Re4
Rd1 41. Rxg4 Rg1+ 42. Kh3 Qf1+ 43. Kh4 Bf6+ 44. Rg5 Bxg5+ 45. Kg4 Qe2+ 46. f3
Qc4+ 47. Ne4 Kg6 0-1

[Event "Lliga Catalana DH Final B"]
[Site "?"]
[Date "2015.04.11"]
[Round "10.8"]
[White "Degerhammar, T."]
[Black "Serrano Aspa, X."]
[Result "0-1"]
[WhiteElo "2103"]
[BlackElo "2262"]
[PlyCount "92"]
[EventDate "2015.??.??"]
[EventType "team"]

1. c4 f5 2. Nc3 Nf6 3. d3 e6 4. g3 d5 5. cxd5 exd5 6. e3 c6 7. d4 Bd6 8. Bg2
O-O 9. a3 a5 10. Rb1 Qe7 11. Nge2 b5 12. Nf4 Ne4 13. Nce2 b4 14. a4 Ba6 15. O-O
Nd7 16. Nd3 g5 17. f4 Bxd3 18. Qxd3 g4 19. Bxe4 Qxe4 20. Qxe4 dxe4 21. b3 Nb6
22. Bb2 Nd5 23. Kf2 Kf7 24. Rbc1 Rac8 25. Rfd1 Ke6 26. Rc2 Kd7 27. Ng1 Be7 28.
Ne2 Rf6 29. Bc1 h5 30. Kg2 Rh6 31. Rh1 Rch8 32. Bd2 h4 33. Rcc1 hxg3 34. Nxg3
Rf8 35. Nf1 Rh3 36. Ng3 Kc7 37. Rc2 Kb6 38. Rhc1 Rh6 39. Nf1 Rc8 40. Be1 c5 41.
Bf2 Rhc6 42. Nd2 cxd4 43. Nc4+ Ka6 44. exd4 Nxf4+ 45. Kg3 Bg5 46. Rd1 Rh6 0-1

[Event "Lliga Catalana DH Final B"]
[Site "?"]
[Date "2015.04.11"]
[Round "10.9"]
[White "Morcillo Ferran, J."]
[Black "Fabregat Planella, J."]
[Result "1-0"]
[WhiteElo "2226"]
[BlackElo "2007"]
[PlyCount "81"]
[EventDate "2015.??.??"]
[EventType "team"]

1. e4 c5 2. Nf3 e6 3. d4 cxd4 4. Nxd4 Nf6 5. Nc3 Nc6 6. Ndb5 Bb4 7. a3 Bxc3+ 8.
Nxc3 d5 9. exd5 Nxd5 10. Nxd5 Qxd5 11. Qxd5 exd5 12. Bf4 O-O 13. Bd3 Re8+ 14.
Kd2 Bd7 15. Rhe1 Rxe1 16. Rxe1 Re8 17. Rxe8+ Bxe8 18. Bd6 g6 19. b4 a6 20. Kc3
f6 21. f4 Bd7 22. a4 Kf7 23. Bc7 Ke6 24. b5 axb5 25. axb5 Na7 26. Kb4 Be8 27.
Kc5 Nc8 28. c3 Kd7 29. Bb8 Bf7 30. g4 b6+ 31. Kd4 Ne7 32. Be2 f5 33. g5 Ke6 34.
c4 Kd7 35. c5 bxc5+ 36. Kxc5 Kc8 37. Bd6 Ng8 38. Bf3 Kb7 39. Bxd5+ Bxd5 40.
Kxd5 h6 41. h4 1-0

[Event "Lliga Catalana DH Final B"]
[Site "?"]
[Date "2015.04.11"]
[Round "10.10"]
[White "Molina Wheatley, E."]
[Black "Fuertes Buisac, B."]
[Result "1/2-1/2"]
[WhiteElo "1940"]
[BlackElo "2147"]
[PlyCount "71"]
[EventDate "2015.??.??"]
[EventType "team"]

1. e4 c5 2. Nf3 g6 3. d4 cxd4 4. Nxd4 Nc6 5. Be3 Nf6 6. Nc3 Bg7 7. Bc4 Qa5 8.
O-O O-O 9. Bb3 d6 10. Nd5 Qd8 11. Nxf6+ Bxf6 12. Nxc6 bxc6 13. Bd4 Bxd4 14.
Qxd4 Qb6 15. Rfd1 Rb8 16. Qxb6 Rxb6 17. Rd2 a5 18. c3 Be6 19. Bxe6 fxe6 20. Kf1
Rfb8 21. b3 c5 22. Rb1 a4 23. Rdb2 d5 24. e5 d4 25. cxd4 cxd4 26. Rd1 axb3 27.
Rxb3 Rxb3 28. axb3 Rxb3 29. Rxd4 Rb2 30. h3 Kf7 31. f4 h6 32. Re4 g5 33. fxg5
hxg5 34. Re2 Rb5 35. Kf2 Kg6 36. g4 1/2-1/2

[Event "Lliga Catalana DH Final B"]
[Site "?"]
[Date "2015.04.11"]
[Round "10.1"]
[White "Jerez Perez, A."]
[Black "Valdes Romero, L."]
[Result "1/2-1/2"]
[WhiteElo "2466"]
[BlackElo "2472"]
[PlyCount "52"]
[EventDate "2015.??.??"]
[EventType "team"]

1. e4 d6 2. d4 Nf6 3. Nc3 e5 4. Nf3 Nbd7 5. Bc4 Be7 6. O-O O-O 7. Qe2 exd4 8.
Nxd4 Ne5 9. Bb3 c5 10. Nf5 Bxf5 11. exf5 Qd7 12. Nd5 Rae8 13. Ne3 Bd8 14. Rd1
b5 15. c4 bxc4 16. Bxc4 Nxc4 17. Qxc4 Qc6 18. b3 Ne4 19. Qd5 Qa6 20. Qd3 Qxd3
21. Rxd3 Bf6 22. Rb1 Nc3 23. Rb2 d5 24. Kf1 d4 25. Nd1 Rc8 26. Rc2 c4 1/2-1/2

[Event "Lliga Catalana DH Final B"]
[Site "?"]
[Date "2015.04.11"]
[Round "10.2"]
[White "Garriga Cazorla, P."]
[Black "Granados Gomez, M."]
[Result "1-0"]
[WhiteElo "2416"]
[BlackElo "2442"]
[PlyCount "81"]
[EventDate "2015.??.??"]
[EventType "team"]

1. d4 Nf6 2. c4 c5 3. Nf3 cxd4 4. Nxd4 b6 5. Nc3 Bb7 6. Bg5 Ne4 7. Nxe4 Bxe4 8.
Nb5 d6 9. Nc3 Bb7 10. e4 h6 11. Be3 Nc6 12. Be2 g6 13. O-O Bg7 14. Qd2 Rc8 15.
Rac1 Ne5 16. b3 Nd7 17. f3 Kf8 18. Rfd1 Kg8 19. f4 Bxc3 20. Qxc3 Bxe4 21. Bd4
Rh7 22. Qe3 f5 23. Bd3 Nc5 24. Bxc5 bxc5 25. Bxe4 fxe4 26. Qxe4 Rg7 27. Qe6+
Kh7 28. Rc3 Qg8 29. Qe2 Qf7 30. g3 a5 31. Re3 a4 32. Rf1 axb3 33. axb3 Ra8 34.
g4 Qf6 35. Kg2 Ra7 36. Rh3 Qf8 37. g5 Qa8+ 38. Kg1 h5 39. f5 Qe8 40. f6 Rf7 41.
Qe4 1-0

[Event "Lliga Catalana DH Final B"]
[Site "?"]
[Date "2015.04.11"]
[Round "10.3"]
[White "Torrecillas Martinez, A."]
[Black "Fernandez Diaz, C."]
[Result "1/2-1/2"]
[WhiteElo "2408"]
[BlackElo "2336"]
[PlyCount "27"]
[EventDate "2015.??.??"]
[EventType "team"]

1. e4 c5 2. Nf3 Nc6 3. d4 cxd4 4. Nxd4 g6 5. Nc3 Bg7 6. Nb3 Bxc3+ 7. bxc3 Nf6
8. Bd3 d5 9. exd5 Qxd5 10. O-O Bf5 11. Qe2 O-O-O 12. Bxf5+ gxf5 13. c4 Qe4 14.
Qxe4 1/2-1/2

[Event "Lliga Catalana DH Final B"]
[Site "?"]
[Date "2015.04.11"]
[Round "10.4"]
[White "Amores Gago, J."]
[Black "Almeida Toledano, D."]
[Result "0-1"]
[WhiteElo "2294"]
[BlackElo "2357"]
[PlyCount "108"]
[EventDate "2015.??.??"]
[EventType "team"]

1. e4 e6 2. d4 d5 3. exd5 exd5 4. c4 Bb4+ 5. Nc3 Nf6 6. Nf3 O-O 7. Be2 Nc6 8.
O-O Bg4 9. Be3 dxc4 10. Bxc4 Qd6 11. h3 Bh5 12. g4 Bg6 13. Nb5 Qd8 14. a3 Be7
15. Nc3 Bd6 16. Bg5 h6 17. Bh4 Be7 18. Ne5 Nxe5 19. dxe5 Ne4 20. Qxd8 Bxd8 21.
Bxd8 Rfxd8 22. Nxe4 Bxe4 23. Rad1 Bf3 24. Rc1 c6 25. Rc3 Bd5 26. Bd3 Kf8 27. f4
Ke7 28. Re1 a5 29. Kf2 Kd7 30. f5 Kc7 31. Ke3 a4 32. h4 Rab8 33. Rec1 Rd7 34.
Bc2 Ra8 35. h5 Ra5 36. Bd3 Kb6 37. Re1 Bb3 38. Kf4 Rad5 39. Bc4 Rd4+ 40. Re4
Rxe4+ 41. Kxe4 Bxc4 42. Rxc4 Rd1 43. Rc3 Kc7 44. Rd3 Rb1 45. g5 hxg5 46. f6
gxf6 47. Rh3 g4 48. Rh4 Rf1 49. exf6 g3 50. Rg4 Rh1 51. Rxg3 Rh4+ 52. Ke3 Kd6
53. Rg8 Rxh5 54. Re8 Re5+ 0-1

[Event "Lliga Catalana DH Final B"]
[Site "?"]
[Date "2015.04.11"]
[Round "10.5"]
[White "Garrido Fernandez, D."]
[Black "Montilla Carrillo, E."]
[Result "1-0"]
[WhiteElo "2326"]
[BlackElo "2295"]
[PlyCount "95"]
[EventDate "2015.??.??"]
[EventType "team"]

1. e4 c5 2. Nf3 d6 3. Bb5+ Nd7 4. d4 cxd4 5. Qxd4 Ngf6 6. O-O a6 7. Bxd7+ Bxd7
8. c4 g6 9. Nc3 Bg7 10. Bg5 h6 11. Be3 O-O 12. Qd2 Kh7 13. a4 Rc8 14. Qd3 Bg4
15. Nd4 Nd7 16. f3 Ne5 17. Qe2 Bd7 18. b3 Nc6 19. Qd2 Qa5 20. Rab1 Qb4 21. Rfd1
f5 22. Nd5 Qxd2 23. Rxd2 fxe4 24. fxe4 Rf7 25. Nb6 Rd8 26. Nxd7 Bxd4 27. Bxd4
Rxd7 28. Bb6 Ne5 29. Rf1 Rxf1+ 30. Kxf1 e6 31. Ke2 g5 32. Bd4 Nc6 33. Bc3 Kg6
34. b4 Kf7 35. b5 axb5 36. axb5 Nd8 37. Bb4 Rc7 38. c5 d5 39. exd5 exd5 40.
Rxd5 Ne6 41. g3 Re7 42. Kf3 Nc7 43. Rd3 Nxb5 44. c6 Re6 45. Rd7+ Ke8 46. cxb7
Rb6 47. Re7+ Kd8 48. Ba5 1-0

[Event "Lliga Catalana DH Final B"]
[Site "?"]
[Date "2015.04.11"]
[Round "10.6"]
[White "Morros Faura, R."]
[Black "Llaneza Vega, P."]
[Result "0-1"]
[WhiteElo "2289"]
[BlackElo "2296"]
[PlyCount "114"]
[EventDate "2015.??.??"]
[EventType "team"]

1. e4 c5 2. Nf3 Nc6 3. Bb5 g6 4. Bxc6 dxc6 5. d3 Bg7 6. h3 Nf6 7. Nc3 Nd7 8.
Be3 e5 9. Qd2 Qe7 10. O-O Nf8 11. a3 Ne6 12. b4 Nd4 13. Nh2 cxb4 14. axb4 Qxb4
15. Kh1 O-O 16. Rfb1 Qe7 17. Na4 Be6 18. Qc3 b6 19. Rb2 c5 20. Qa3 Qe8 21. c4
f5 22. f3 fxe4 23. fxe4 Qd8 24. Nc3 Qh4 25. Nd5 Rf7 26. Rxb6 Bxd5 27. cxd5 Nc2
28. Qxc5 Nxa1 29. Rb1 Nb3 30. Rxb3 Qe1+ 31. Bg1 Qd1 32. Qc4 Rd8 33. d6 Rxd6 34.
Ng4 Rb6 35. Rxb6 axb6 36. Kh2 Qf1 37. Bxb6 Qf4+ 38. Kh1 h5 39. Ne3 Bh6 40. Qe6
Qg3 41. Nf1 Qxd3 42. Qxg6+ Rg7 43. Qe6+ Kh7 44. Qf5+ Rg6 45. Qf7+ Bg7 46. Be3
Qxe4 47. Qf3 Qxf3 48. gxf3 Bh6 49. Bf2 Bf4 50. Bh4 Kg7 51. Be1 Kf7 52. Bd2 Bxd2
53. Nxd2 Ke6 54. Kh2 Kf5 55. Nc4 Kf4 56. Nd2 Rc6 57. Ne4 Kxf3 0-1

[Event "Lliga Catalana DH Final B"]
[Site "?"]
[Date "2015.04.11"]
[Round "10.7"]
[White "De la Riva Aguado, J."]
[Black "Bals Hernandez, J."]
[Result "1-0"]
[WhiteElo "2306"]
[BlackElo "2264"]
[PlyCount "63"]
[EventDate "2015.??.??"]
[EventType "team"]

1. e4 c5 2. Nc3 Nc6 3. g3 g6 4. Bg2 Bg7 5. d3 e6 6. Be3 d6 7. Qd2 Nd4 8. Nd1
Ne7 9. c3 Ndc6 10. Bh6 O-O 11. h4 Bxh6 12. Qxh6 f6 13. Ne2 Ne5 14. Qd2 c4 15.
dxc4 Nxc4 16. Qd4 Qc7 17. b3 Nb6 18. Ne3 e5 19. Qd2 Be6 20. c4 a5 21. O-O a4
22. Nc3 Qc5 23. Nb5 Rfd8 24. Rfd1 Nc6 25. Nc7 Nd4 26. Nxa8 Nxa8 27. b4 Qc8 28.
Nc2 Nxc2 29. Qxc2 b5 30. c5 Nb6 31. Bf1 Qc6 32. Bxb5 1-0

[Event "Lliga Catalana DH Final B"]
[Site "?"]
[Date "2015.04.11"]
[Round "10.8"]
[White "Garcia Marin, G."]
[Black "Lopez Santana, O."]
[Result "0-1"]
[WhiteElo "2250"]
[BlackElo "2252"]
[PlyCount "108"]
[EventDate "2015.??.??"]
[EventType "team"]

1. d4 e6 2. Nf3 Nf6 3. Bg5 c5 4. e3 h6 5. Bh4 b6 6. Nbd2 Bb7 7. c3 cxd4 8. exd4
Be7 9. Bd3 d6 10. O-O Nbd7 11. a4 a6 12. Nc4 O-O 13. Re1 Re8 14. Nfd2 Qc7 15.
Rc1 Qc6 16. Bf1 Nd5 17. Bg3 b5 18. Na5 Qb6 19. Nxb7 Qxb7 20. axb5 axb5 21. Ne4
Qb6 22. Qd3 Reb8 23. Ra1 Rxa1 24. Rxa1 N7f6 25. h3 Nh5 26. Bh2 Nhf4 27. Qf3 e5
28. Ng3 g6 29. dxe5 dxe5 30. Ne2 Bd6 31. h4 h5 32. Ng3 f5 33. Qd1 Bc5 34. Qe1
e4 35. b4 Bf8 36. Kh1 Bg7 37. Rc1 Rc8 38. c4 bxc4 39. Bxc4 Kh7 40. Qd2 Qxb4 41.
Qa2 Nc3 42. Qa7 Rxc4 43. Nxf5 gxf5 44. Bxf4 Nb5 45. Qe3 Rxc1+ 46. Qxc1 Qc3 47.
Qd1 Kg6 48. Kh2 Be5 49. Bxe5 Qxe5+ 50. g3 Nd4 51. Qc1 f4 52. gxf4 Qf5 53. Qc7
Nf3+ 54. Kg2 Qg4+ 0-1

[Event "Lliga Catalana DH Final B"]
[Site "?"]
[Date "2015.04.11"]
[Round "10.9"]
[White "Masip Tresserra, O."]
[Black "Morais Carreras, J."]
[Result "0-1"]
[WhiteElo "2219"]
[BlackElo "2093"]
[PlyCount "74"]
[EventDate "2015.??.??"]
[EventType "team"]

1. Nf3 d5 2. g3 Nf6 3. Bg2 e6 4. O-O Be7 5. d3 c5 6. Nc3 Nc6 7. e4 O-O 8. h3
dxe4 9. dxe4 Qxd1 10. Rxd1 e5 11. Bg5 Be6 12. Nd5 Bxd5 13. exd5 Nd4 14. Nxe5
Nxc2 15. Rac1 Nd4 16. Re1 Rfd8 17. Kh1 Rac8 18. Bxf6 Bxf6 19. Ng4 Be7 20. Ne3
b6 21. Rc3 Bd6 22. Rd1 f5 23. Ra3 Bb8 24. Rxd4 cxd4 25. Nxf5 Rc1+ 26. Kh2 Rd1
27. Ne7+ Kf8 28. Nc6 Re8 29. Bf3 Rd2 30. Kg2 a5 31. Bg4 Bd6 32. Rb3 Bc5 33. Bd7
Re3 34. Rb5 Ree2 35. h4 Rxf2+ 36. Kh3 h5 37. g4 Rf3# 0-1

[Event "Lliga Catalana DH Final B"]
[Site "?"]
[Date "2015.04.11"]
[Round "10.10"]
[White "Muñoz Muñoz, T."]
[Black "Lluis Alavedra, A."]
[Result "1-0"]
[WhiteElo "2063"]
[BlackElo "2194"]
[PlyCount "63"]
[EventDate "2015.??.??"]
[EventType "team"]

1. c4 e5 2. g3 Nc6 3. Bg2 g6 4. Nc3 Bg7 5. e3 d6 6. Nge2 f5 7. O-O Nf6 8. d4
O-O 9. a3 Kh8 10. b4 Qe8 11. b5 Nd8 12. c5 g5 13. a4 Qh5 14. cxd6 cxd6 15. Ba3
Nf7 16. dxe5 Ng4 17. h3 Ngxe5 18. Nd4 g4 19. h4 Ng6 20. Nd5 Be5 21. Nf4 Nxf4
22. exf4 Bf6 23. a5 Qg6 24. Rc1 Qg7 25. Rc4 Rb8 26. b6 axb6 27. axb6 Ra8 28.
Bb2 Ra6 29. Qb3 Rd8 30. Rxc8 Rxc8 31. Bxb7 Rf8 32. Ne6 1-0